000 01165nam0a22003131 4500
001 rc\2803681
005 20250806210415.0
035 _a(NLR Aleph) 006929673
090 _a34905
_c34905
100 _a20110915d1944 u y0rusy50 ca
101 0 _arus
102 _aRU
105 _ay z |||a|
200 1 _aГибель "Ястреба"
_eРассказы
_fК. М. Станюкович
210 _aМосква
_aЛенинград
_cВоенмориздат
_d1944
_eМосква
215 _a96 с.
_cзаставки, концовки
_d14 см.
225 1 _aБиблиотека краснофлотца
327 1 _aСодерж.: Ужасный день. На "Чайке". Гибель "Ястреба"
464 0 _12000#$aНа "Чайке"
464 0 _12000#$aГибель "Ястреба"
464 0 _12000#$aУжасный день
700 1 _aСтанюкович
_bК.М.
_gКонстантин Михайлович
801 0 _aRU
_bNLR
_gpsbo
801 1 _aRU
_bELAR
_2rusmarc
852 _aNLR
_jЛ30 Г-2/767
942 _cBOOK
945 _aРоссийская национальная библиотека
980 _aNB
980 _aBV